| 000 | 00961cam a2200301 i 4500 | ||
|---|---|---|---|
| 001 | 18262478 | ||
| 003 | GBCCL | ||
| 005 | 20260112145825.0 | ||
| 008 | 140811s2015 miu b 001 0 eng | ||
| 020 | _a9788195676484 | ||
| 020 | _a9788195707362 | ||
| 035 | _a18262478 | ||
| 040 |
_aDLC _beng _cDLC _erda _dDLC |
||
| 082 | 0 | 0 |
_a251 _223 _bPIP 1 |
| 100 | 1 |
_aPiper, John, _d1946- |
|
| 245 | 1 | 4 |
_aThe supremacy of God in preaching / _cJohn Piper. |
| 250 | _aRevised and expanded edition. | ||
| 250 | _afirst Indian ed. | ||
| 264 | 1 |
_aDelhi : _bFor the truth press, _c2022, [2015] |
|
| 300 |
_a167 pages ; _c22 cm |
||
| 504 | _aIncludes bibliographical references and index. | ||
| 600 | 1 | 0 |
_aEdwards, Jonathan, _d1703-1758. |
| 650 | 0 | _aPreaching. | |
| 650 | 0 |
_aClergy _xReligious life. |
|
| 906 |
_a7 _bcbc _corignew _d1 _eecip _f20 _gy-gencatlg |
||
| 942 |
_2ddc _cBK _n0 |
||
| 999 |
_c11122 _d11122 |
||